Trading in Federal Funds: Findings of a Three-Year Survey /

Gardado en:
Detalles Bibliográficos
Autor Principal: Nichols, Dorothy M. (autor)
Formato: Libro
Idioma:inglés
Publicado: lugar de publicación no identificado : Board of Governors of the Federal Reserve System, fecha no identificada
Temas:
Etiquetas: Engadir etiqueta
Sen Etiquetas, Sexa o primeiro en etiquetar este rexistro!

MARC

LEADER 00000nam^a2200000^a^4500
001 000021958
005 20250521000000.0
009 20260310084437.876
037 |a Acervo ITESO - Biblioteca 
041 |a ING 
082 |a 339. 53  |b NIC 
100 |a Nichols, Dorothy M.  |e (autor) 
245 1 0 |a Trading in Federal Funds: Findings of a Three-Year Survey /  |c Dorothy M. Nichols 
264 1 |a lugar de publicación no identificado :  |b Board of Governors of the Federal Reserve System,  |c fecha no identificada 
300 |a 116 p. 
336 |a texto  |b txt  |2 rdacontenido 
337 |a sin mediación  |b n  |2 rdamedio 
338 |a volumen  |b nc  |2 rdasoporte 
649 |a XX 
650 |a Reserva Federal 
910 |a Fondo General 
920 |a Impresos - Libros 
930 |a Colección General 
905 |a 101 
901 |a 0219580100  |b IT1  |c ACC  |i 021958  |u 20250521 
902 |a https://opac.biblio.iteso.mx/vufind/Record/000021958